| 000 | 00517nam a2200181 i 4500 | ||
|---|---|---|---|
| 001 | bg | ||
| 100 | 1 | _aDUDEK, Zbigniew T. | |
| 245 | 0 |
_aOrganizacja przesyłania informacji w systemach cyfrowych / _cZbigniew T. Dudek, Janusz Sosnowski. |
|
| 260 |
_aWarszawa, _c1981. |
||
| 650 | 9 | _aSystemy informatyczne | |
| 655 | _aPodręczniki akademickie | ||
| 700 | 1 | _aSOSNOWSKI, Janusz | |
| 040 | _cBPK | ||
| 041 | _apol | ||
| 080 | _a681.327:681.324](075.8) | ||
| 942 | _cKS | ||
| 008 | s pl f |000 0 pol | ||
| 999 |
_c19919 _d19919 |
||
| 856 |
_uhttp://koha.tu.koszalin.pl/cgi-bin/koha/opac-detail.pl?biblionumber=19919 _yKatalog online BPK |
||